Beatles Albums in Chronological Order - Statistics

General Stats
  • This quiz has been taken 387 times
    234 since last reset
  • The average score is 5 of 13
Answer Stats
Date Answer % Correct
22 Mar 1963 Please Please Me
84%
22 Nov 1963 With the Beatles
57%
8 May 1970 Let It Be
42%
10 July 1964 A Hard Day’s Night
38%
26 Sep 1969 Abbey Road
37%
6 Aug 1965 Help!
31%
3 Dec 1965 Rubber Soul
31%
5 Aug 1966 Revolver
30%
4 Dec 1964 Beatles For Sale
28%
26 May 1967 Sgt. Pepper’s Lonely Hearts Club Band
24%
27 Nov 1967 Magical Mystery Tour
21%
22 Nov 1968 The Beatles
20%
17 Jan 1969 Yellow Submarine
20%
No matching quizzes found
Score Distribution
Percent of People with Each Score
Percentile by Number Answered
Your Score History
You have not taken this quiz since the last reset